|
|
|
|
| LEADER |
00000nas a2200000 a 4500 |
| 001 |
ssj0013887 |
| 003 |
WaSeSS |
| 005 |
20200512172242.0 |
| 006 |
m d |
| 007 |
cr n |
| 008 |
921022d19922015mbcfx p s 0 a0eng c |
| 010 |
|
|
|a cn 93039019
|
| 015 |
|
|
|a 930390199
|2 can
|
| 016 |
7 |
|
|a 101087450
|2 DNLM
|
| 016 |
7 |
|
|a 011742368
|2 Uk
|
| 016 |
|
|
|a 930390199
|
| 016 |
|
|
|a (AMICUS)000011874911
|
| 022 |
|
|
|l 1188-3774
|y 1188-3774
|
| 030 |
|
|
|a CJRREN
|
| 035 |
|
|
|a (WaSeSS)ssj0013887
|
| 037 |
|
|
|b Institute of Urban Studies, University of Winnipeg, 515 Portage Ave., Winnipeg, Man. R3B 2E9
|
| 040 |
|
|
|a KKU
|b eng
|c KKU
|d NLC
|d CAS
|d MYG
|d IUL
|d NLM
|d DLC
|d OCLCQ
|d DLC
|d OCLCQ
|d UKMGB
|d VRC
|d OCLCQ
|d OCLCO
|d OCLCF
|d DLC
|d OCLCO
|d ORU
|d OCLCO
|d OCLCA
|d OCLCQ
|d OCLCO
|d ZCU
|d AGLDB
|d CUS
|d MYG
|d CUS
|d OCLCQ
|d U3G
|d AUD
|d VT2
|d WaSeSS
|
| 041 |
0 |
|
|a eng
|a fre
|
| 042 |
|
|
|a nlc
|a isds/c
|a pcc
|
| 043 |
|
|
|a n-cn---
|
| 050 |
0 |
0 |
|a HT127
|b .C375
|
| 055 |
0 |
2 |
|a HT127
|
| 082 |
0 |
0 |
|a 307.76/05
|2 20
|
| 210 |
0 |
|
|a Can. j. urban res.
|
| 222 |
|
0 |
|a Canadian journal of urban research
|
| 245 |
0 |
0 |
|a Canadian journal of urban research
|h [electronic resource].
|
| 260 |
|
|
|a Winnipeg :
|b Institute of Urban Studies,
|c ©1992-
|
| 310 |
|
|
|a Two times a year
|
| 362 |
0 |
|
|a Vol. 1, issue 1 (June 1992)-
|
| 362 |
1 |
|
|a Print ceased with v. 24, issue 2 (winter 2015).
|
| 500 |
|
|
|a Title from cover.
|
| 506 |
|
|
|a License restrictions may limit access.
|
| 546 |
|
|
|a Text chiefly in English with some in French; summaries in English and French, 1995-
|
| 555 |
|
|
|a Vols. 1 (1992)-3 (1994), in v. 3, no. 2.
|
| 588 |
|
|
|a Latest issue consulted: Vol. 23, issue 2 (winter 2014).
|
| 650 |
|
0 |
|a Cities and towns
|z Canada
|v Periodicals.
|
| 650 |
|
0 |
|a City planning
|v Periodicals.
|
| 650 |
|
0 |
|a Urban policy
|z Canada
|v Periodicals.
|
| 650 |
|
0 |
|a City planning
|z Canada
|v Periodicals.
|
| 650 |
|
5 |
|a Villes
|v Périodiques.
|
| 650 |
|
5 |
|a Villes
|z Canada
|v Périodiques.
|
| 650 |
|
5 |
|a Urbanisme
|v Périodiques.
|
| 650 |
|
7 |
|a Cities and towns.
|2 fast
|0 (OCoLC)fst00861748
|
| 650 |
|
7 |
|a City planning.
|2 fast
|0 (OCoLC)fst00862177
|
| 650 |
|
7 |
|a Urban policy.
|2 fast
|0 (OCoLC)fst01162489
|
| 650 |
|
6 |
|a Villes
|v Périodiques.
|
| 650 |
|
6 |
|a Villes
|z Canada
|x Périodiques.
|
| 650 |
|
6 |
|a Urbanisme
|x Périodiques.
|
| 651 |
|
7 |
|a Canada.
|2 fast
|0 (OCoLC)fst01204310
|
| 655 |
|
0 |
|a Electronic journals.
|
| 710 |
2 |
|
|a University of Winnipeg.
|b Institute of Urban Studies.
|
| 770 |
0 |
|
|t Canadian planning and policy
|w (DLC) 2014210062
|w (OCoLC)855300077
|
| 776 |
0 |
8 |
|i Continued online:
|t Canadian journal of urban research
|w (OCoLC)607568918
|
| 850 |
|
|
|a DLC
|a InU
|a MCM
|
| 856 |
4 |
0 |
|z Full text available from Research Library: 06/01/1999 to 1 year ago
|u https://search.proquest.com/publication/27359
|